Ocupación del territorio en San Carlos de Alajuela: flujos migratorios y precarismo rural 1950-1984 /
Este trabajo explora las características del proceso migratorio en San Carlos (provincia de Alajuela) en el período comprendido entre 1950 y 1984, desde una perspectiva que busca comprender, más allá de la presión de la población sobre los recursos como causa primordial de la migración, otros factor...
Bewaard in:
| Hoofdauteur: | |
|---|---|
| Formaat: | Texto |
| Taal: | Spanish |
| Gepubliceerd in: |
San José, Costa Rica:
Editorial Universidad de Costa Rica;
2001
|
| Onderwerpen: | |
| Tags: |
Voeg label toe
Geen labels, Wees de eerste die dit record labelt!
|
MARC
| LEADER | 00000 a a2200000 04500 | ||
|---|---|---|---|
| 001 | 1122 | ||
| 003 | cru IIS | ||
| 005 | 20210811145804.0 | ||
| 008 | 210811s2001 cr|||||| |||| 00| 0 spa d | ||
| 022 | |a 0377-7316 | ||
| 040 | |a Centro de Recursos para el Aprendizaje y la Investigación |b Español |c cru IIS | ||
| 090 | |a REV0040 27 (2) 2001 | ||
| 100 | |a Quesada Vargas, Ixel | ||
| 245 | |a Ocupación del territorio en San Carlos de Alajuela: |b flujos migratorios y precarismo rural 1950-1984 / |c Ixel Quesada Vargas | ||
| 260 | |a San José, Costa Rica: |b Editorial Universidad de Costa Rica; |c 2001 | ||
| 300 | |a páginas 101-120 | ||
| 500 | |a Colección Centroamérica | ||
| 520 | |a Este trabajo explora las características del proceso migratorio en San Carlos (provincia de Alajuela) en el período comprendido entre 1950 y 1984, desde una perspectiva que busca comprender, más allá de la presión de la población sobre los recursos como causa primordial de la migración, otros factores de orden político, social y económico en el origen de los movimientos poblacionales desde, hacia y dentro de ese cantón. A lo largo del artículo se presentan no sólo flujos migratorios que conformaron el paisaje demográfico sancarleño, sino también se aborda el tema del precarismo rural ocurrido durante las décadas de 1970 y 1980 como la manifestación social de las consecuencias del agotamiento de la frontera agrícola, de la marcada proletarización campesina y de la conjunción de ambos factores en un contexto de creciente industrialización en el país | ||
| 650 | |a MIGRACION INTERNA |2 OCDE | ||
| 650 | |a MIGRACION INTERNACIONAL |2 OCDE | ||
| 650 | |a COLONIZACION RURAL |2 OCDE | ||
| 650 | |a PRECARISTAS |2 OCDE | ||
| 650 | |a ESTADISTICAS DE MIGRACION |2 OCDE | ||
| 773 | 0 | |0 18765 |9 5846 |a Universidad de Costa Rica. |d San José, Costa Rica: Editorial Universidad de Costa Rica, 1974- |o 21441 |t Anuario de Estudios Centroamericanos / |x 03777316 |g volumen 27, número 2; páginas 101-120 | |
| 942 | |2 ddc |c PP |h REV0040 27 (2) 2001 |k REV0040 |m 27 (2) 2001 |6 REV0040_27_2_2001 | ||
| 999 | |c 23143 |d 23143 | ||
